000 00853nam a2200241Ia 4500
008 240729s9999 xx 000 0 und d
022 _a2783-4425
245 0 _aInternational Journal of Information and Communication Technology Research
260 _aIran, Islamic Republic of
260 _bIran Telecom Research Center
650 _a Electrical engineering. Electronics. Nuclear engineering
650 _a Electronic computers. Computer science
650 _a Industrial engineering. Management engineering
650 _a Information technology | Technology
650 _a Instruments and machines
650 _a Mathematics
650 _a Technology (General)
650 _a Telecommunication | Science
650 _aTechnology
856 _uhttps://doaj.org/toc/049e525e56614969bc0db76836210a4f
942 _2ddc
942 _cDOAJEJ
999 _c68510
_d68510
945 _a1
_bMadushi Gamage
_c1
_dMadushi Gamage